<?xml version="1.0" encoding="UTF-8"?>
<record
    xmlns:xsi="http://www.w3.org/2001/XMLSchema-instance"
    xsi:schemaLocation="http://www.loc.gov/MARC21/slim http://www.loc.gov/standards/marcxml/schema/MARC21slim.xsd"
    xmlns="http://www.loc.gov/MARC21/slim">

  <leader>00287nam a22001097a 4500</leader>
  <datafield tag="040" ind1=" " ind2=" ">
    <subfield code="c">SK</subfield>
  </datafield>
  <datafield tag="082" ind1=" " ind2=" ">
    <subfield code="a">333</subfield>
  </datafield>
  <datafield tag="100" ind1=" " ind2=" ">
    <subfield code="a">&#x1787;&#x17D2;&#x179A;&#x17BB;&#x1793; &#x179A;&#x17B7;&#x1791;&#x17D2;&#x1792;&#x17B8;</subfield>
  </datafield>
  <datafield tag="245" ind1=" " ind2=" ">
    <subfield code="a">Renewable energy; &#x1790;&#x17B6;&#x1798;&#x1796;&#x179B;&#x1780;&#x1780;&#x17BE;&#x178F;&#x17A1;&#x17BE;&#x1784;&#x179C;&#x17B7;&#x1789;</subfield>
  </datafield>
  <datafield tag="260" ind1=" " ind2=" ">
    <subfield code="a">RUA</subfield>
    <subfield code="b">&#x1787;&#x17D2;&#x179A;&#x17BB;&#x1793;</subfield>
    <subfield code="c">2008</subfield>
  </datafield>
  <datafield tag="942" ind1=" " ind2=" ">
    <subfield code="c">KB</subfield>
  </datafield>
  <datafield tag="999" ind1=" " ind2=" ">
    <subfield code="c">10109</subfield>
    <subfield code="d">10109</subfield>
  </datafield>
  <datafield tag="952" ind1=" " ind2=" ">
    <subfield code="0">0</subfield>
    <subfield code="1">0</subfield>
    <subfield code="4">0</subfield>
    <subfield code="6">333_000000000000000_&#x1787;&#x179A;&#x17BB;&#x1793;_2008_C018_OR</subfield>
    <subfield code="7">0</subfield>
    <subfield code="9">52499</subfield>
    <subfield code="a">LBC</subfield>
    <subfield code="b">LBC</subfield>
    <subfield code="c">C018</subfield>
    <subfield code="d">2016-09-20</subfield>
    <subfield code="o">333 &#x1787;&#x17D2;&#x179A;&#x17BB;&#x1793; 2008 C018 Or.</subfield>
    <subfield code="p">A00812</subfield>
    <subfield code="r">2016-09-26</subfield>
    <subfield code="y">KB</subfield>
  </datafield>
  <datafield tag="952" ind1=" " ind2=" ">
    <subfield code="0">0</subfield>
    <subfield code="1">0</subfield>
    <subfield code="4">0</subfield>
    <subfield code="6">333_000000000000000_&#x1787;&#x179A;&#x17BB;&#x1793;_2008_C256</subfield>
    <subfield code="7">0</subfield>
    <subfield code="9">53020</subfield>
    <subfield code="a">LBC</subfield>
    <subfield code="b">LBC</subfield>
    <subfield code="c">C256</subfield>
    <subfield code="d">2016-10-12</subfield>
    <subfield code="o">333 &#x1787;&#x17D2;&#x179A;&#x17BB;&#x1793; 2008 C256</subfield>
    <subfield code="p">RUA045208</subfield>
    <subfield code="r">2016-10-12</subfield>
    <subfield code="w">2016-10-12</subfield>
    <subfield code="y">KB</subfield>
  </datafield>
  <datafield tag="952" ind1=" " ind2=" ">
    <subfield code="0">0</subfield>
    <subfield code="1">0</subfield>
    <subfield code="4">0</subfield>
    <subfield code="6">333_000000000000000_&#x1787;&#x179A;&#x17BB;&#x1793;_2011_C243</subfield>
    <subfield code="7">0</subfield>
    <subfield code="9">53063</subfield>
    <subfield code="a">LBC</subfield>
    <subfield code="b">LBC</subfield>
    <subfield code="c">C243</subfield>
    <subfield code="d">2016-10-14</subfield>
    <subfield code="o">333 &#x1787;&#x17D2;&#x179A;&#x17BB;&#x1793; 2011 C243</subfield>
    <subfield code="p">RUA045788</subfield>
    <subfield code="r">2016-10-14</subfield>
    <subfield code="w">2016-10-14</subfield>
    <subfield code="y">KB</subfield>
  </datafield>
  <datafield tag="952" ind1=" " ind2=" ">
    <subfield code="0">0</subfield>
    <subfield code="1">0</subfield>
    <subfield code="4">0</subfield>
    <subfield code="6">333_000000000000000_&#x1787;&#x179A;&#x17BB;&#x1793;_2011_C243</subfield>
    <subfield code="7">0</subfield>
    <subfield code="9">53064</subfield>
    <subfield code="a">LBC</subfield>
    <subfield code="b">LBC</subfield>
    <subfield code="c">C243</subfield>
    <subfield code="d">2016-10-14</subfield>
    <subfield code="o">333 &#x1787;&#x17D2;&#x179A;&#x17BB;&#x1793; 2011 C243</subfield>
    <subfield code="p">RUA046399</subfield>
    <subfield code="r">2017-08-11</subfield>
    <subfield code="w">2016-10-14</subfield>
    <subfield code="y">KB</subfield>
  </datafield>
</record>
